000 00750nam a2200241Ia 4500
003 OSt
005 20220923220327.0
006 a|||||r|||| 00| 0
007 ta
008 220922b |||||||| |||| 00| 0 hin d
024 _a185,988
037 _cTextual
040 _aARTS
_cARTS
_bhin
041 _2hin
_ahin
082 _aV2:5.N77, 152L8
100 _aशर्मा, उदयन, संपा.
245 0 _aहिंसा का लावा
246 _aHiansā kā lāvā
260 _aदिल्ली
_b राधाकृष्ण प्रकाशन
_c1978
300 _a140 पृ.
_ccm.
942 _hV2:5.N77, 152L8
_cTEXL
_2CC
999 _c339233
_d339233